[Event "Helmond Rapid op"]
[Site "Helmond"]
[Date "2023.06.10"]
[Round "3"]
[White "Hoornstra, Hans"]
[Black "Baselmans, Sam"]
[Result "0-1"]
[WhiteElo "2083"]
[BlackElo "2220"]
[PlyCount "88"]
[EventDate "2023.06.10"]
[EventType "swiss (rapid)"]
[EventRounds "9"]
[EventCountry "NED"]
[SourceTitle "CBM 214 Extra"]
[Source "ChessBase"]
[SourceDate "2023.07.31"]
[SourceVersion "1"]
[SourceVersionDate "2023.07.31"]
[SourceQuality "1"]

1. e4 e5 2. Nf3 Nc6 3. Bb5 f5 4. d3 fxe4 5. dxe4 Nf6 6. 0-0 d6 7. Qe2 Be7 8. Nc3 0-0 9. h3 Kh8 10. Be3 Qe8 11. Rad1 Nh5 12. Nd5 Bd8 13. Bg5 a6 14. Bxd8 Qxd8 15. Bxc6 bxc6 16. Nxe5 cxd5 17. Qxh5 dxe5 18. Rxd5 Qf6 19. Rxe5 Bb7 20. Rf5 Qxb2 21. f3 Qxc2 22. Rc5 Qd3 23. Rxc7 Bxe4 24. Qe5 Qe3+ 25. Kh1 Rf6 26. Rfc1 Raf8 27. Qe7 Qg5 28. Qxe4 h6 29. Rd1 Qg3 30. Rdd7 Rg6 31. Qe2 Kh7 32. Qc2 Qe1+ 33. Kh2 Qe5+ 34. Kh1 Rf5 35. Re7 Qa1+ 36. Kh2 Qf6 37. Red7 h5 38. Re7 Qd6+ 39. Kh1 Qf4 40. Re4 Qg5 41. Ree7 h4 42. Red7 Kh6 43. Re7 Rd5 44. Re8 Rd1+ 0-1

[Event "Eindhoven WLC op 13th"]
[Site "Eindhoven"]
[Date "2023.05.06"]
[Round "3"]
[White "Baselmans, Sam"]
[Black "Sprangers, Remco"]
[Result "0-1"]
[WhiteElo "2230"]
[BlackElo "2240"]
[PlyCount "44"]
[EventDate "2023.05.05"]
[EventType "swiss"]
[EventRounds "6"]
[EventCountry "NED"]
[SourceTitle "CBM 214 Extra"]
[Source "ChessBase"]
[SourceDate "2023.07.31"]
[SourceVersion "1"]
[SourceVersionDate "2023.07.31"]
[SourceQuality "1"]

1. e4 c5 2. Nc3 e6 3. g3 d5 4. exd5 exd5 5. d4 Nc6 6. dxc5 Nf6 7. Bg5 Bxc5 8. Qe2+ Be6 9. 0-0-0 0-0 10. Bg2 d4 11. Qb5 Qb6 12. Qxb6 axb6 13. Bxf6 gxf6 14. Nd5 Rxa2 15. Ne2 Rc8 16. Nef4 Bb4 17. c3 dxc3 18. Nxe6 fxe6 19. Nxc3 Bxc3 20. bxc3 Ne5 21. Rd2 Rxc3+ 22. Kd1 Rd3 0-1

[Event "BEL-chT 2223"]
[Site "Belgium"]
[Date "2022.10.16"]
[Round "2.3"]
[White "Baselmans, Sam"]
[Black "Decrop, Benjamin"]
[Result "1/2-1/2"]
[WhiteElo "2201"]
[BlackElo "2235"]
[PlyCount "87"]
[EventDate "2022.09.25"]
[EventType "team-tourn"]
[EventRounds "11"]
[EventCountry "BEL"]
[SourceTitle "EXT 2024"]
[Source "ChessBase"]
[SourceDate "2023.10.10"]
[SourceVersion "1"]
[SourceVersionDate "2023.10.10"]
[SourceQuality "1"]
[WhiteTeam "Brasschaat"]
[BlackTeam "Oostende"]
[WhiteTeamCountry "BEL"]
[BlackTeamCountry "BEL"]

1. e4 c5 2. Nc3 Nc6 3. g3 g6 4. Bg2 Bg7 5. d3 d6 6. f4 e5 7. Nh3 Nge7 8. 0-0 exf4 9. Nxf4 0-0 10. Ncd5 Nxd5 11. Nxd5 Be6 12. Nf4 Bd7 13. c3 b5 14. a3 Rb8 15. Be3 Ne5 16. Kh1 a5 17. Qd2 b4 18. axb4 axb4 19. Bg1 Bb5 20. c4 Bd7 21. Nd5 Be6 22. Ra6 Bxd5 23. exd5 Qd7 24. Rfa1 h5 25. b3 Ng4 26. d4 cxd4 27. Bxd4 Bxd4 28. Qxd4 Rfc8 29. Bh3 Re8 30. Bxg4 hxg4 31. Qf6 Re3 32. Ra7 Qe8 33. Rf1 Rf3 34. Rxf3 gxf3 35. Qxf3 Ra8 36. Rxa8 Qxa8 37. Qd1 Qa7 38. Qe1 Qd4 39. Qxb4 Qd1+ 40. Kg2 Qe2+ 41. Kg1 Qe3+ 42. Kf1 Qf3+ 43. Kg1 Qe3+ 44. Kf1 1/2-1/2

[Event "BEL-chT 2223"]
[Site "Belgium"]
[Date "2022.09.25"]
[Round "1.2"]
[White "Baselmans, Sam"]
[Black "Hausrath, Daniel"]
[Result "0-1"]
[WhiteElo "2201"]
[BlackElo "2459"]
[PlyCount "48"]
[EventDate "2022.09.25"]
[EventType "team-tourn"]
[EventRounds "11"]
[EventCountry "BEL"]
[SourceTitle "EXT 2024"]
[Source "ChessBase"]
[SourceDate "2023.10.10"]
[SourceVersion "1"]
[SourceVersionDate "2023.10.10"]
[SourceQuality "1"]
[WhiteTeam "Brasschaat"]
[BlackTeam "Wirtzfeld"]
[WhiteTeamCountry "BEL"]
[BlackTeamCountry "BEL"]

1. e4 d6 2. Nc3 g6 3. f4 Bg7 4. Nf3 c5 5. Bb5+ Bd7 6. Bc4 e6 7. 0-0 Ne7 8. Qe1 0-0 9. d3 b5 10. Bb3 b4 11. Nb1 a5 12. a3 a4 13. axb4 cxb4 14. e5 Bc6 15. exd6 Qxd6 16. Bc4 Nd7 17. Ra2 Nf5 18. Kh1 Bxf3 19. Rxf3 Nd4 20. Rh3 Nxc2 21. Qh4 h5 22. Qf2 b3 23. Ra3 Nb6 24. Bb5 Ra5 0-1

[Event "Dieren op"]
[Site "Dieren"]
[Date "2022.08.03"]
[Round "8"]
[White "Maatman, Nick"]
[Black "Baselmans, Sam"]
[Result "1/2-1/2"]
[WhiteElo "2368"]
[BlackElo "2182"]
[PlyCount "88"]
[EventDate "2022.07.26"]
[EventType "swiss"]
[EventRounds "9"]
[EventCountry "NED"]
[SourceTitle "CBM 209 Extra"]
[Source "ChessBase"]
[SourceDate "2022.09.30"]
[SourceVersion "1"]
[SourceVersionDate "2022.09.30"]
[SourceQuality "1"]

1. d4 d5 2. c4 e6 3. Nc3 a6 4. cxd5 exd5 5. Nf3 h6 6. Qb3 Nf6 7. e4 Nxe4 8. Nxe4 dxe4 9. Ne5 Qe7 10. Bc4 Qb4+ 11. Bd2 Qxb3 12. Bxb3 Be6 13. d5 Nd7 14. dxe6 Nxe5 15. exf7+ Nxf7 16. Rc1 Bd6 17. 0-0 0-0 18. Rfe1 Rae8 19. Rc4 e3 20. Rxe3 Rxe3 21. Bxe3 Kh8 22. f4 Re8 23. Kf2 Nd8 24. Kf3 Nc6 25. Rc1 Rf8 26. g3 g5 27. Bd5 gxf4 28. gxf4 Ne5+ 29. Ke2 Ng6 30. Bxb7 Re8 31. Rc3 Nxf4+ 32. Kd1 a5 33. Bd4+ Kg8 34. Rf3 Ne6 35. Bc3 Ng5 36. Rf6 Kh7 37. h4 Ne4 38. Rf7+ Kg8 39. Rg7+ Kf8 40. Rg6 Nxc3+ 41. bxc3 Re3 42. Rxh6 Rxc3 43. Rf6+ Kg7 44. Rf3 Rxf3 1/2-1/2

[Event "Dieren op"]
[Site "Dieren"]
[Date "2022.07.30"]
[Round "5"]
[White "Baselmans, Sam"]
[Black "Labruyere, Roger"]
[Result "1/2-1/2"]
[WhiteElo "2182"]
[BlackElo "2070"]
[PlyCount "48"]
[EventDate "2022.07.26"]
[EventType "swiss"]
[EventRounds "9"]
[EventCountry "NED"]
[SourceTitle "CBM 209 Extra"]
[Source "ChessBase"]
[SourceDate "2022.09.30"]
[SourceVersion "1"]
[SourceVersionDate "2022.09.30"]
[SourceQuality "1"]

1. e4 c6 2. Nf3 d5 3. Nc3 Bg4 4. Be2 e6 5. 0-0 Nf6 6. h3 Bxf3 7. Bxf3 dxe4 8. Nxe4 Nbd7 9. Nxf6+ Qxf6 10. d4 Be7 11. c4 0-0 12. b3 Rfd8 13. Bb2 a5 14. Qe2 Qg5 15. Rad1 Nf6 16. g3 a4 17. d5 Bc5 18. Kg2 exd5 19. h4 Qf5 20. Bxf6 Qxf6 21. cxd5 cxd5 22. Rxd5 Rxd5 23. Bxd5 axb3 24. axb3 Rb8 1/2-1/2

[Event "Eindhoven WLC op 12th"]
[Site "Eindhoven"]
[Date "2022.05.14"]
[Round "2"]
[White "Baselmans, Sam"]
[Black "Becx, Cesar"]
[Result "1/2-1/2"]
[WhiteElo "2175"]
[BlackElo "2101"]
[PlyCount "113"]
[EventDate "2022.05.13"]
[EventType "swiss"]
[EventRounds "6"]
[EventCountry "NED"]
[SourceTitle "CBM 208 Extra"]
[Source "ChessBase"]
[SourceDate "2022.07.31"]
[SourceVersion "1"]
[SourceVersionDate "2022.07.31"]
[SourceQuality "1"]

1. e4 e5 2. Nf3 Nc6 3. Bc4 Nf6 4. d3 Be7 5. 0-0 0-0 6. Re1 d6 7. a4 Kh8 8. a5 a6 9. h3 Qe8 10. Nc3 Be6 11. Nd5 Bd8 12. c3 Nd7 13. Ng5 Nxa5 14. Rxa5 c6 15. Ra1 cxd5 16. Nxe6 fxe6 17. exd5 Qf7 18. dxe6 Qxf2+ 19. Kh1 Nf6 20. Rf1 Qh4 21. Bd5 Be7 22. Bxb7 Rab8 23. Ra4 e4 24. Rf4 Qg3 25. Bxe4 Rxb2 26. Rxf6 Bxf6 27. e7 Bxe7 28. Bxb2 d5 29. Ba3 Bxa3 30. Rxa3 dxe4 31. dxe4 h6 32. Rxa6 Qxc3 33. Ra2 Qf6 34. Re2 Re8 35. Qd3 Qa1+ 36. Kh2 Qe5+ 37. Qg3 Qb5 38. Re3 Re5 39. Qf4 Qc5 40. Rd3 Qe7 41. Rd7 Qe6 42. Rd4 Kg8 43. Ra4 Kh7 44. Qg3 Rg5 45. Qf4 Re5 46. Rb4 Kg8 47. Rd4 Kh7 48. Qf3 Qe7 49. Qd3 Kg8 50. Rd8+ Kh7 51. Rd5 Rxe4 52. g3 Kg8 53. Rd8+ Kf7 54. Rd7 Re2+ 55. Kg1 Re1+ 56. Kf2 Re2+ 57. Kf1 1/2-1/2

[Event "Eindhoven WLC op 12th"]
[Site "Eindhoven"]
[Date "2022.05.14"]
[Round "3"]
[White "Margarido, Jose Miguel Teixeir"]
[Black "Baselmans, Sam"]
[Result "0-1"]
[WhiteElo "2127"]
[BlackElo "2175"]
[PlyCount "106"]
[EventDate "2022.05.13"]
[EventType "swiss"]
[EventRounds "6"]
[EventCountry "NED"]
[SourceTitle "CBM 208 Extra"]
[Source "ChessBase"]
[SourceDate "2022.07.31"]
[SourceVersion "1"]
[SourceVersionDate "2022.07.31"]
[SourceQuality "1"]

1. d4 Nf6 2. c4 g6 3. Nc3 Bg7 4. e4 d6 5. Nf3 0-0 6. Be2 Na6 7. 0-0 e5 8. Be3 Ng4 9. Bg5 Qe8 10. dxe5 Nxe5 11. Nd4 Nc6 12. Ndb5 f6 13. Be3 Be6 14. Rc1 Qd7 15. b3 Rae8 16. Qd2 f5 17. Rfe1 Qf7 18. exf5 Bxf5 19. Nd4 Nc5 20. Rcd1 Kh8 21. Nxf5 Qxf5 22. Nd5 Ne6 23. Bd3 Qf7 24. f3 a6 25. Bf1 Ned4 26. Bh6 Bxh6 27. Qxh6 Nf5 28. Qf4 Ne5 29. Qd2 Nh4 30. Qc3 c6 31. Ne3 Kg8 32. Be2 Qf4 33. Nf1 h5 34. Qd2 Qxd2 35. Nxd2 Nf5 36. Ne4 Rd8 37. Rd2 Kg7 38. Nc3 Rfe8 39. Kf2 Re7 40. Bd3 Nh4 41. Re3 Rf8 42. Kg3 g5 43. Bc2 Rf6 44. Be4 Ref7 45. Rd1 Rf8 46. h3 Re8 47. Re2 Nf7 48. Red2 Re5 49. Kf2 g4 50. hxg4 hxg4 51. Kg3 gxf3 52. gxf3 Nxf3 53. Rf2 Rg5+ 0-1

[Event "BEL-chT 2122"]
[Site "Belgium"]
[Date "2022.02.13"]
[Round "7.5"]
[White "Cocquyt, Tijs"]
[Black "Baselmans, Sam"]
[Result "0-1"]
[WhiteElo "2064"]
[BlackElo "2150"]
[PlyCount "96"]
[EventDate "2021.10.24"]
[EventType "team-tourn"]
[EventRounds "11"]
[EventCountry "BEL"]
[SourceTitle "EXT 2023"]
[Source "ChessBase"]
[SourceDate "2022.10.05"]
[SourceVersion "1"]
[SourceVersionDate "2022.10.05"]
[SourceQuality "1"]
[WhiteTeam "Oostende"]
[BlackTeam "Brasschaat"]
[WhiteTeamCountry "BEL"]
[BlackTeamCountry "BEL"]

1. d4 Nf6 2. Bg5 e6 3. e4 h6 4. Bxf6 Qxf6 5. c3 d5 6. Nd2 c5 7. Ngf3 cxd4 8. cxd4 dxe4 9. Ne5 Bb4 10. Bb5+ Bd7 11. Nxd7 Bxd2+ 12. Qxd2 Nxd7 13. Bxd7+ Kxd7 14. d5 Rhd8 15. dxe6+ Kxe6 16. Qe2 Qe5 17. 0-0 Rac8 18. Rae1 f5 19. f3 Rd4 20. Qf2 Rc7 21. fxe4 Rxe4 22. Kh1 Rc2 23. Rxe4 Qxe4 24. Qg3 g5 25. Re1 Re2 26. Qb3+ Kf6 27. Qc3+ Kg6 28. Rxe2 Qxe2 29. h3 Qe6 30. b3 b6 31. Qd3 a5 32. Qd8 g4 33. hxg4 fxg4 34. Qd3+ Kh5 35. g3 Qe5 36. Kg2 Qb2+ 37. Kh1 Qa1+ 38. Kg2 Qxa2+ 39. Kg1 Qa1+ 40. Kg2 Qe5 41. Qd8 Qe2+ 42. Kg1 Qe3+ 43. Kg2 Qf3+ 44. Kh2 Qf2+ 45. Kh1 Qf1+ 46. Kh2 Qh3+ 47. Kg1 Qxg3+ 48. Kh1 Qh4+ 0-1

[Event "Brasschaat op 19th"]
[Site "Brasschaat"]
[Date "2019.08.24"]
[Round "8"]
[White "Baselmans, Sam"]
[Black "Raats, Joppe"]
[Result "1-0"]
[WhiteElo "2064"]
[BlackElo "1806"]
[PlyCount "61"]
[EventDate "2019.08.17"]
[EventType "swiss"]
[EventRounds "9"]
[EventCountry "BEL"]
[SourceTitle "EXT 2020"]
[Source "ChessBase"]
[SourceDate "2019.10.17"]
[SourceVersion "1"]
[SourceVersionDate "2019.10.17"]
[SourceQuality "1"]

1. e4 e5 2. Nf3 Nc6 3. Bc4 Bc5 4. d3 Nf6 5. 0-0 d6 6. c3 0-0 7. h3 Be6 8. Bb3 h6 9. Re1 Re8 10. Bxe6 fxe6 11. b4 Bb6 12. Qc2 Qd7 13. a4 a5 14. b5 Ne7 15. Nbd2 Ng6 16. Nc4 Ba7 17. Rb1 Re7 18. d4 exd4 19. cxd4 e5 20. dxe5 dxe5 21. Ba3 Ree8 22. Bb2 Bd4 23. Rbd1 Qe7 24. Bxd4 exd4 25. e5 d3 26. Qxd3 Nf4 27. Qb3 N6d5 28. Kh2 Qe6 29. Nd4 Qc8 30. Ne3 Rxe5 31. Nf3 1-0

[Event "Brasschaat op 19th"]
[Site "Brasschaat"]
[Date "2019.08.21"]
[Round "5"]
[White "Vanhee, Lars"]
[Black "Baselmans, Sam"]
[Result "0-1"]
[WhiteElo "1895"]
[BlackElo "2064"]
[PlyCount "132"]
[EventDate "2019.08.17"]
[EventType "swiss"]
[EventRounds "9"]
[EventCountry "BEL"]
[SourceTitle "EXT 2020"]
[Source "ChessBase"]
[SourceDate "2019.10.17"]
[SourceVersion "1"]
[SourceVersionDate "2019.10.17"]
[SourceQuality "1"]

1. d4 Nf6 2. c4 g6 3. Nc3 Bg7 4. e4 d6 5. Be2 0-0 6. Be3 Na6 7. Qd2 e5 8. d5 c6 9. f3 cxd5 10. cxd5 Bd7 11. g4 h5 12. Nh3 hxg4 13. Nf2 gxf3 14. Bxf3 Nh7 15. h4 f5 16. Nd3 f4 17. Bf2 b5 18. Rg1 Be8 19. Rc1 Bf6 20. Rh1 Rf7 21. Bg4 Rc7 22. Ke2 Kh8 23. b4 Rc4 24. a3 Bg7 25. Nb2 Rc7 26. Qd3 Nf6 27. Bf3 Rac8 28. Kd2 Qd7 29. Rhg1 Bh6 30. Qe2 Nb8 31. Qd3 a6 32. Qe2 Qe7 33. Qd3 Rb7 34. Qe2 Qd8 35. Nd3 Nbd7 36. Nb2 Nb6 37. Qd3 Nc4+ 38. Nxc4 Rxc4 39. Na2 Rbc7 40. Bb6 Nxe4+ 41. Bxe4 f3+ 42. Be3 Rd4 43. Bxh6 Qxh4 44. Be3 Qh2+ 45. Ke1 Rxd3 46. Bxd3 e4 47. Bf1 Rxc1+ 48. Nxc1 Qb2 49. Rh1+ Kg8 50. Bh3 Bf7 51. Be6 Qc3+ 52. Kf2 Qc2+ 53. Ke1 f2+ 54. Kf1 Qd1+ 55. Kxf2 Qxh1 56. Bxf7+ Kxf7 57. Bd2 Qf3+ 58. Ke1 e3 59. Bc3 Qf2+ 60. Kd1 g5 61. Be1 Qf1 62. Ne2 Qf3 63. Bc3 Qxd5+ 64. Bd4 Qb3+ 65. Kc1 Qc4+ 66. Kd1 Qd3+ 0-1

[Event "Dieren op"]
[Site "Dieren"]
[Date "2019.07.24"]
[Round "2"]
[White "Odendahl, Reiner"]
[Black "Baselmans, Sam"]
[Result "1/2-1/2"]
[WhiteElo "2352"]
[BlackElo "2064"]
[PlyCount "61"]
[EventDate "2019.07.23"]
[EventType "swiss"]
[EventRounds "9"]
[EventCountry "NED"]
[SourceTitle "CBM 191 Extra"]
[Source "ChessBase"]
[SourceDate "2019.09.30"]
[SourceVersion "1"]
[SourceVersionDate "2019.09.30"]
[SourceQuality "1"]

1. c4 Nf6 2. Nc3 g6 3. g3 Bg7 4. Bg2 d6 5. e4 0-0 6. Nge2 e5 7. 0-0 Be6 8. d3 Qd7 9. f4 Bh3 10. f5 Bxg2 11. Kxg2 c6 12. h3 d5 13. cxd5 cxd5 14. Bg5 dxe4 15. dxe4 Qxd1 16. Raxd1 Nbd7 17. Rd6 h6 18. Be3 Rfc8 19. fxg6 fxg6 20. g4 b5 21. Ng3 b4 22. Nd5 Rc2+ 23. Rf2 Rxf2+ 24. Bxf2 a5 25. Nxf6+ Nxf6 26. Bb6 Kf7 27. Bd8 Rc8 28. Rd2 a4 29. Kf3 Rc4 30. h4 a3 31. Bxf6 1/2-1/2

[Event "Eindhoven WLC op 10th"]
[Site "Eindhoven"]
[Date "2019.05.26"]
[Round "6"]
[White "Baselmans, Sam"]
[Black "Huesmann, Thomas"]
[Result "0-1"]
[WhiteElo "2054"]
[BlackElo "2168"]
[PlyCount "93"]
[EventDate "2019.05.24"]
[EventType "swiss"]
[EventRounds "6"]
[EventCountry "NED"]
[SourceTitle "CBM 190 Extra"]
[Source "ChessBase"]
[SourceDate "2019.07.15"]
[SourceVersion "1"]
[SourceVersionDate "2019.07.15"]
[SourceQuality "1"]

1. e4 e5 2. Nf3 Nc6 3. Bc4 Nf6 4. d3 Bc5 5. c3 a6 6. Bb3 d6 7. Nbd2 0-0 8. h3 Be6 9. Nf1 Bxb3 10. axb3 d5 11. Qe2 dxe4 12. dxe4 Qd6 13. Ng3 Rad8 14. Bg5 Ne7 15. b4 Bb6 16. Nh4 g6 17. Qf3 Kg7 18. 0-0 h6 19. Rad1 hxg5 20. Rxd6 Rxd6 21. Nhf5+ gxf5 22. Nxf5+ Nxf5 23. Qxf5 Nh7 24. Qxe5+ f6 25. Qg3 Re8 26. Qg4 Nf8 27. h4 Ng6 28. hxg5 fxg5 29. g3 Ne5 30. Qxg5+ Rg6 31. Qf4 Rg4 32. Rd1 Rxf4 33. gxf4 Ng4 34. Rd7+ Kg8 35. c4 Nf6 36. Rd3 Rxe4 37. c5 Ba7 38. Rd8+ Re8 39. Rd3 c6 40. Kg2 Nd5 41. Rg3+ Kf7 42. Kf3 Nxb4 43. Rh3 Kg7 44. Rg3+ Kf6 45. Rh3 Bxc5 46. Rh6+ Kg7 47. Rh1 0-1

[Event "NED-ch U18"]
[Site "Rotterdam"]
[Date "2016.05.02"]
[Round "4"]
[White "Van der Werf, Joel"]
[Black "Baselmans, Sam"]
[Result "1-0"]
[WhiteElo "1702"]
[BlackElo "1945"]
[PlyCount "123"]
[EventDate "2016.04.29"]
[EventType "swiss"]
[EventRounds "9"]
[EventCountry "NED"]
[SourceTitle "CBM 172 Extra"]
[Source "ChessBase"]
[SourceDate "2016.06.21"]
[SourceVersion "1"]
[SourceVersionDate "2016.06.21"]
[SourceQuality "1"]

1. d4 Nf6 2. c4 g6 3. Nc3 Bg7 4. e4 d6 5. f3 0-0 6. Be3 Nfd7 7. Nge2 e5 8. Qd2 exd4 9. Nxd4 Ne5 10. Be2 Nbc6 11. 0-0 f5 12. exf5 gxf5 13. Rac1 a6 14. f4 Ng6 15. Nxc6 bxc6 16. Bf3 Bb7 17. g3 Rb8 18. Ba7 Ra8 19. Be3 Qf6 20. Ne2 Rfe8 21. b3 Re7 22. Rfd1 Rae8 23. Bf2 c5 24. Bxb7 Rxe2 25. Qd5+ Kh8 26. Rd2 R8e6 27. Rcc2 Qe7 28. Bc8 Rxd2 29. Rxd2 Rf6 30. Bxf5 Nf8 31. Bg4 Qe8 32. Re2 Qg6 33. Bh5 Qb1+ 34. Kg2 Rf5 35. Qf3 Rf6 36. Qg4 Qa1 37. Re7 Rh6 38. Rxc7 Re6 39. Bf7 Rf6 40. Bh5 Re6 41. Rc8 Qf6 42. Rc7 Re7 43. Rxe7 Qxe7 44. Qe2 Qf6 45. Bf3 Ne6 46. Bd5 Nf8 47. Bb7 a5 48. Be1 Qf7 49. Bd5 Qa7 50. Qe8 a4 51. bxa4 Qd7 52. Qxd7 Nxd7 53. a5 Nb8 54. Bb7 Bb2 55. a6 Nxa6 56. Bxa6 Ba3 57. Kf3 Kg7 58. Ke4 Kf7 59. Kd5 Ke7 60. f5 h6 61. Bd2 h5 62. Bg5+ 1-0

[Event "NED-ch U18"]
[Site "Rotterdam"]
[Date "2016.04.30"]
[Round "2"]
[White "Dubbeldam, Mathijs"]
[Black "Baselmans, Sam"]
[Result "0-1"]
[WhiteElo "1558"]
[BlackElo "1945"]
[PlyCount "74"]
[EventDate "2016.04.29"]
[EventType "swiss"]
[EventRounds "9"]
[EventCountry "NED"]
[SourceTitle "CBM 172 Extra"]
[Source "ChessBase"]
[SourceDate "2016.06.21"]
[SourceVersion "1"]
[SourceVersionDate "2016.06.21"]
[SourceQuality "1"]

1. e4 d6 2. d4 Nf6 3. Nc3 g6 4. Bf4 Bg7 5. Bc4 0-0 6. Nge2 Nxe4 7. Nxe4 d5 8. Bd3 dxe4 9. Bxe4 Nd7 10. 0-0 c6 11. c3 Qb6 12. Qd2 e5 13. Bh6 Nf6 14. Bxg7 Kxg7 15. Ng3 Rd8 16. Rfd1 Be6 17. b3 Rd7 18. Nf5+ Bxf5 19. Bxf5 Rd6 20. Bc2 exd4 21. cxd4 Rad8 22. Qc3 Rxd4 23. Rxd4 Rxd4 24. Rd1 c5 25. Qe3 Qd6 26. Rxd4 cxd4 27. Qf3 Qa3 28. Qd1 Qxa2 29. Qb1 Qa5 30. f3 Qc3 31. Qd1 Nd5 32. Be4 Qe3+ 33. Kf1 Qxe4 34. fxe4 Ne3+ 35. Ke2 Nxd1 36. Kxd1 Kf6 37. Kd2 Ke5 0-1